=LDR 00000nam 2200000 4500 =001 INLIS000000000039531 =990 ##$$a 3202103563 =005 20230306021801 =990 ##$$a 94235/BPAP-NTB/2014 =035 ##$$a 0010-061300000039531 =990 ##$$a 21195412/BPAP-NTB/2014 =008 230306###########################0#ind## =990 ##$$a 21196932/BPAP-NTB/2014 =041 ##$$a Ind =990 ##$$a 0001/BPAP-NTB/2016 =082 ##$$a 658.02 =990 ##$$a 3202103564 =090 ##$$a 658.02, Fah m =100 ##$$a Fahmi, Irham =245 1#$$a Manajemen Kinerja : $b Teori dan Aplikasi /$c Irham Fahmi =260 ##$$a Bandung :$b Alfabeta,$c 2011 =300 ##$$a 236 Hlm, 22 Cm ; $c 24 cm =850 ##$$a NBPNMAT =020 ##$$a 978-602-8800-50-1 =084 ##$$a 658.02 FAH m =650 #4$$a Manajemen-Personalia =990 ##$$a 94235/BPAP-NTB/2014 =990 ##$$a 21195412/BPAP-NTB/2014 =990 ##$$a 21196932/BPAP-NTB/2014 =990 ##$$a 0001/BPAP-NTB/2016 =990 ##$$a 3202103563 =990 ##$$a 3202103564